000 00813nam a2200229Ii 4500
003 JO-AjNU
008 230605s9999||||xx |||||||||||||| ||und||
017 _a2001/9/1887
020 _a9957-07-271-4
040 _aJO-AjNU
_bara
_erda
_cJO-AjNU
041 _aara
050 1 4 _aBF375.5.M4574.2002
100 3 _aعبد الله، محمد قاسم,
_eauthor
_935374
245 0 0 _aسيكولوجيا الذاكرة :قضايا نفسية ومرضية وقانونية واجتماعية
250 _aط1
264 3 1 _aعمان:دار الفكر للطباعة والنشر والتوزيع،2002
300 _a256ص
336 _atext
_btxt
_2rdacontent
337 _aunmediated
_bn
_2rdamedia
338 _avolume
_bnc
_2rdacarrier
650 4 _aالذاكرة-علم النفس الفسيولوجي
_935375
999 _aA14597
_c18165
_d18165